Income of the Chinese gentry (Record no. 362172)

000 -LEADER
fixed length control field 00404cam a22001457a 4500
008 - FIXED-LENGTH DATA ELEMENTS--GENERAL INFORMATION
fixed length control field 180718b1962 xxu||||| |||| 00| 0 eng d
082 ## - DEWEY DECIMAL CLASSIFICATION NUMBER
Classification number B123x51 C362
100 ## - MAIN ENTRY--PERSONAL NAME
Personal name Chang, Chung-li
245 ## - TITLE STATEMENT
Title Income of the Chinese gentry
Statement of responsibility, etc. by Chung-li Chang
260 ## - PUBLICATION, DISTRIBUTION, ETC.
Place of publication, distribution, etc. Settle
Name of publisher, distributor, etc. Univ. of Washington Press
Date of publication, distribution, etc. 1962
300 ## - PHYSICAL DESCRIPTION
Extent 369p.
500 ## - GENERAL NOTE
General note $7.75
650 ## - SUBJECT ADDED ENTRY--TOPICAL TERM
Topical term or geographic name entry element Income - China
650 ## - SUBJECT ADDED ENTRY--TOPICAL TERM
Topical term or geographic name entry element Middle Classes - China
Holdings
Withdrawn status Lost status Damaged status Not for loan Permanent Location Current Location Date acquired Full call number Barcode Date last seen Price effective from Koha item type
        Indian Institute of Public Administration Indian Institute of Public Administration 1994-03-21 B123x51 C362 31356 2018-07-21 2018-07-21 Book

Powered by Koha